ESSENTIALS OF BIOPHARMACEUTICSAND PHARMACOKINETICS (Record no. 67410)
[ view plain ]
| 000 -LEADER | |
|---|---|
| fixed length control field | 00329nam a22001337a 4500 |
| 008 - FIXED-LENGTH DATA ELEMENTS--GENERAL INFORMATION | |
| fixed length control field | 260323b |||||||| |||| 00| 0 eng d |
| 020 ## - ISBN | |
| International Standard Book Number | 9789388327534 |
| 040 ## - CATALOGING SOURCE | |
| Original cataloging agency | IIMT University College of Medical Sciences |
| 100 ## - MAIN ENTRY--PERSONAL NAME | |
| Personal name | KAR,ASHUTOSH |
| 245 ## - TITLE STATEMENT | |
| Title | ESSENTIALS OF BIOPHARMACEUTICSAND PHARMACOKINETICS |
| 260 ## - PUBLICATION, DISTRIBUTION, ETC. (IMPRINT) | |
| Place of publication, distribution, etc | NEW DELHI |
| Name of publisher, distributor, etc | CBS |
| Date of publication, distribution, etc | 2019 |
| 300 ## - PHYSICAL DESCRIPTION | |
| Pages | 446 |
| 942 ## - ADDED ENTRY ELEMENTS (KOHA) | |
| Koha item type | Text-Book- for 7 days |
| 952 ## - LOCATION AND ITEM INFORMATION (KOHA) | |
| -- | 2026-03-23 |
| 952 ## - LOCATION AND ITEM INFORMATION (KOHA) | |
| -- | 2026-03-23 |
| Withdrawn status | Lost status | Source of classification or shelving scheme | Damaged status | Not for loan | Location (home branch) | Sublocation or collection (holding branch) | Date acquired | Source of Acquisition | Cost Normal purchase price | Koha issues (times borrowed) | Koha full call number | Accession No. | Koha date last seen | Koha item type |
|---|---|---|---|---|---|---|---|---|---|---|---|---|---|---|
| IIMT University College of Medical Sciences | IIMT University College of Medical Sciences | 03/20/2026 | R.LALL | 595.00 | 615.17(KAR) | 02-B-15217 | 03/23/2026 | Text-Book- for 7 days | ||||||
| IIMT University College of Medical Sciences | IIMT University College of Medical Sciences | 03/20/2026 | R.LALL | 595.00 | 615.17(KAR) | 02-B-15218 | 03/23/2026 | Text-Book- for 7 days |

